• 首页
  • 本馆介绍
  • 公告通知
  • 最新文献
  • 馆藏检索
  • 电子资源
  • 读者导购
  • 参考咨询
  • 我的图书馆
  • 登录
  • 详细信息显示
  • 放入我的书架
  • 预约/预借图书
  • 作者相关作品
  • 分类相关作品
  • 丛书相关作品
  • 出版社相关作品

书目信息

  • 表格格式
  • 工作单格式
  • 卡片格式
题名:
中国图书情报工作文库
    
 
作者: 辛希孟 主编
分册: 第一册  
出版信息: 北京   中央编译出版社  1996
页数: 5卷(6811页)
开本: 26cm
丛书名:
单 册:
中图分类: G35-53
科图分类:
主题词: 图书馆工作--中国--文集 , 情报工作--中国--文集
电子资源:
ISBN: 7-80109-116-7
000 00896nam0 2200265 45
001 0197003428
005 20170504144929.87
010    @a7-80109-116-7@b精装@dCNY150.00
100    @a19970212d1996 kemy0chiy0121 ea
101 0  @achi
102    @aCN@b110000
105    @ay z 011yy
200 10 @a中国图书情报工作文库@Azhong guo tu shu qing bao gong zuo wen ku@h第一册@f辛希孟主编
210    @a北京@c中央编译出版社@d1996
215    @a5卷(6811页)@d26cm
300    @a并列题名:Essays on library and information service
300    @a献给第62届国际图联大会(北京·1996),中国科技信息事业创建40周年
510 1  @aEssays on library and information service@zeng
540 1  @a图书 情报@Atu shu qing bao
606    @a图书馆工作@y中国@x文集
606    @a情报工作@y中国@x文集
690    @aG35-53@v3
701  0 @a辛希孟@Axin xi meng@4主编
801  0 @aCN@bTSSF@c20061028
905    @a10447@dG25-53@e75:1
    
    中国图书情报工作文库.第一册/辛希孟主编.-北京:中央编译出版社,1996
    5卷(6811页);26cm
    并列题名:Essays on library and information service.-献给第62届国际图联大会(北京·1996),中国科技信息事业创建40周年
    
    ISBN 7-80109-116-7(精装):CNY150.00
    
●
相关链接 在E读中查询图书 在五车中查询图书 在当当中查询图书 在豆瓣中查询图书


正题名:中国图书情报工作文库     索取号:G25-53/75:1         预约/预借

序号 登录号 条形码 馆藏地/架位号 状态 备注
1 0281734   002817349   第一样本阅览室/ [索取号:G25-53/75:1] 在馆    
2 0625470   206254701   第四借阅区/ [索取号:G25-53/75:1] 在馆    
唐山师范学院图书馆 欢迎您!
大连网信软件有限公司© 版权所有